LEADER 00666nam a2200205 i 4500 001 000000161687 003 CaOOAMICUS 005 20180222000000.0 008 180222s1830 xx u000 u fre u 013 $a139050 026 $a8.8, e-i- 2.us niTe (3) 1830 (A) 040 $aSeMil$bita 245 10$aTome 1. 300 $aXXXI, [1], 440, [2] p. 773 0 $aNiebuhr, Barthold Georg$tHistoire romaine.$dParis : Chez Levrault, 1830-1840.$g1$w()5012 850 $aSeMil 852 $aSeMil$W1$xVenegono$y1$m3R III 15 FA$j113066$B113066$CSeMilBibl$Z2$F123591 $8I 941 1 $a10 961 $aRecupero: Mantegazza 996 $6245$aTome 1$9(OLS)http://semarc/title/1447 LEADER 00903nam a2200205 i 4500 001 000000189829 003 CaOOAMICUS 005 20100519000000.0 008 100519s1984 it u000 u ita u 013 $a168141 040 $aSeMil$bita 100 1 $aBernardi, Pietro Eliseo.$0(OLS)http://semarc/name/69430 245 10$aLeopoldo Mandic :$bstoria della riconciliazione /$cP. E. Bernardi. 260 $aPadova :$bConvento dei Cappuccini,$cstampa 1984. 300 $aXI, 436 p. :$bill. ;$c22 cm. 600 04$aLeopoldo : da Castelnuovo .$0(OLS)http://semarc/subject/10266 850 $aSeMil 852 $aSeMil$W1$xVenegono$y1$m3H II 281$j140460$B140460$CSeMilBibl$Z2$F152078 $81 996 $6245$aLeopoldo Mandic :$bstoria della riconciliazione$9(OLS)http://semarc/title/273366 996 $6260$aPadova :$bConvento dei Cappuccini$9(OLS)http://semarc/publisher/50174